Refrigenation and Air Conditions Technology (Record no. 306116)
[ view plain ]
| 000 -LEADER | |
|---|---|
| fixed length control field | 00344 a2200133 4500 |
| 001 - CONTROL NUMBER | |
| control field | 71043 |
| 082 ## - DEWEY DECIMAL CLASSIFICATION NUMBER | |
| Classification number | 621.56 WHI |
| 090 ## - LOCALLY ASSIGNED LC-TYPE CALL NUMBER (OCLC); LOCAL CALL NUMBER (RLIN) | |
| -- | 38742 |
| -- | 38742 |
| 100 ## - MAIN ENTRY--PERSONAL NAME | |
| Personal name | William C Whitman |
| 245 ## - TITLE STATEMENT | |
| Title | Refrigenation and Air Conditions Technology |
| Statement of responsibility, etc. | William C Whitman |
| 260 ## - PUBLICATION, DISTRIBUTION, ETC. | |
| Name of publisher, distributor, etc. | Delmar publisher |
| Date of publication, distribution, etc. | 1987 |
| 300 ## - PHYSICAL DESCRIPTION | |
| Extent | 845.p |
| 600 ## - SUBJECT ADDED ENTRY--PERSONAL NAME | |
| Personal name | William M Johnson |
| 942 ## - ADDED ENTRY ELEMENTS (KOHA) | |
| Institution code [OBSOLETE] | caenust |
| Call number prefix | 620.56 WHI |
| Withdrawn status | Lost status | Damaged status | Not for loan | Collection code | Permanent Location | Current Location | Date acquired | Total Checkouts | Full call number | Barcode | Date last seen | Price effective from | Koha item type |
|---|---|---|---|---|---|---|---|---|---|---|---|---|---|
| College of Aeronautical Engineering (CAE) | College of Aeronautical Engineering (CAE) | 04/03/2017 | 620.56 WHI | CAEG-3228 | 04/05/2017 | 04/05/2017 | Book |
